00285nam a2200097Ia 45000010005000000080041000050820027000461000054000732450036001272600024001634087241024s9999 xx 000 0 und d aRD/306/R426m/2014-2016 aRepública Dominicana. Ministerio de Educación 0aMemorias de Gestión 2014-2016 bSanto Domingoc2016